000
00264nam a2200097Ia 4500
001
641709
005
20250826153512.0
008
250824s9999 xx 000 0 und d
245
0
_a
GENÇ PRENSİN DÖNÜŞÜ
_c
ALEJANDRO GUİLLERMO ROEMMERS
260
_b
TİMAŞ KÜLTÜR
999
_c
641709
_d
641709